000 00474nam a2200181 a 4500
001 34313
005 20180714002424.0
008 140415s1978 mx 000 0 spa d
041 _aspa
082 _a303.484
_bBOO
100 1 _aBOORSTIN, DANIEL J.
245 1 3 _aEL ESPIRITU EXPLORADOR
250 _a1a ed.
260 _aMEXICO :
_bEDITORES ASOCIADOS,
_c1978
300 _a100
650 1 4 _aINVESTIGACION SOCIAL
700 1 _aVILLEGAS, ANA SYLVIA
_etr.
999 _c34313
_d34313